Missing Word: 'L' #1s Quiz Stats

 Plays Quiz Updated Dec 12, 2013

Support Sporcle.
Go Orange.
Score 0/18 Timer 03:00
0 Plays Today
Single Title 'L' Word % Correct
Looks ____ We Made ItLike
97.8%
I Still Haven't Found What I'm ____ ForLooking
97.6%
You Are the Sunshine of My ____Life
96.8%
____ My FireLight
95.8%
Crazy ____ Thing Called LoveLittle
95.7%
The ____ Sleeps TonightLion
94.4%
Livin' La Vida ____Loca
93%
Single ____ (Put a Ring on It)Ladies
88.1%
____ on MeLean
86.8%
Single Title 'L' Word % Correct
____ of the PackLeader
86.5%
Blurred ____Lines
86.2%
Penny ____Lane
83.6%
____ on a Jet PlaneLeaving
82.4%
____ BridgeLondon
70.5%
Because You ____ MeLoved
68.5%
Love the Way You ____Lie
67.8%
Are You ____ Tonight?Lonesome
64%
____ to Your HeartListen
56.6%

Today's Daily Dose

Missing Word
'80s Musicals

Word Ladder
Hereditary

Get the Picture
Food Names

From the Vault

Cate Blanchett Movies

by karis

Movies 8m
She's basically Australian's version of Meryl Streep.
Remove Ads.
Support Sporcle.
Get the best of Sporcle when you Go Orange. This ad-free experience offers more features, more stats, and more fun while also helping to support Sporcle. Thank you for becoming a member.

Show Comments

Extras

Top Quizzes Today


Score Distribution

Your Account Isn't Verified!

In order to create a playlist on Sporcle, you need to verify the email address you used during registration. Go to your Sporcle Settings to finish the process.

Report this User

Report this user for behavior that violates our Community Guidelines.

Details: